Iglesia de San Miguel de Lillo y Palacio de Ramiro I, actualmente destinado á iglesia parroquial bajo el nombre de Santa María del Naranco (Asturias, Concejo de Oviedo) / (Record no. 151452)
[ view plain ]
| 000 -LEADER | |
|---|---|
| campo de control de longitud fija | 01508nam a2200277 i 4500 |
| 001 - NÚMERO DE CONTROL | |
| campo de control | 151452 |
| 003 - IDENTIFICADOR DE NÚMERO DE CONTROL | |
| campo de control | ES-MaACL |
| 005 - FECHA Y HORA DE LA ÚLTIMA TRANSACCIÓN | |
| campo de control | 20250831104644.0 |
| 008 - DATOS DE LONGITUD FIJA--INFORMACIÓN GENERAL | |
| campo de control de longitud fija | 931025s1877 sp af |||| | spa d |
| 100 1# - ENTRADA PRINCIPAL--NOMBRE DE PERSONA | |
| Nombre de persona | Amador de los Ríos, José, |
| Fechas asociadas al nombre | 1818-1878 |
| 9 (RLIN) | 21088 |
| 245 10 - MENCIÓN DEL TÍTULO | |
| Título | Iglesia de San Miguel de Lillo y Palacio de Ramiro I, actualmente destinado á iglesia parroquial bajo el nombre de Santa María del Naranco (Asturias, Concejo de Oviedo) / |
| Mención de responsabilidad, etc. | por José Amador de los Ríos ; publícase á expensas del Estado bajo la inspección de la Real Academia de Bellas Artes de San Fernando. |
| 260 ## - PUBLICACIÓN, DISTRIBUCIÓN, ETC. | |
| Lugar de publicación, distribución, etc. | Madrid : |
| Nombre del editor, distribuidor, etc. | José Gil Dorregaray, |
| Fecha de publicación, distribución, etc. | 1877 ( |
| Fabricante | Imp. de T. Fortanet y Calcografía nacional) |
| 300 ## - DESCRIPCIÓN FÍSICA | |
| Extensión | 36 p., [1] h., [5] h. de grab. : |
| Otras características físicas | grab. ; |
| Dimensiones | 72 cm. |
| 490 1# - MENCIÓN DE SERIE | |
| Mención de serie | Monumentos arquitectónicos de España. Monumentos latino-bizantinos de la Monarquía Astur-Leonesa |
| 546 ## - NOTA DE IDIOMA | |
| Nota de lengua/lenguaje | Texto paralelo español, francés. |
| 597 ## - NOTA DE DESCRIPCIÓN FÍSICA | |
| NOTA DE DESCRIPCIÓN FÍSICA | Texto a dos col. |
| 599 ## - NOTA A LAS ILUSTRACIONES | |
| NOTA A LAS ILUSTRACIONES | Las h. de grab. calc. |
| 610 27 - PUNTO DE ACCESO ADICIONAL DE MATERIA--NOMBRE DE ENTIDAD CORPORATIVA | |
| Nombre de entidad corporativa o nombre de jurisdicción como elemento de entrada | Iglesia de Santa María del Naranco (Oviedo) |
| Fuente del encabezamiento o término | |
| 9 (RLIN) | 150874 |
| 610 27 - PUNTO DE ACCESO ADICIONAL DE MATERIA--NOMBRE DE ENTIDAD CORPORATIVA | |
| Nombre de entidad corporativa o nombre de jurisdicción como elemento de entrada | Iglesia de San Miguel de Lillo |
| Fuente del encabezamiento o término | |
| 9 (RLIN) | 150875 |
| 650 #4 - PUNTO DE ACCESO ADICIONAL DE MATERIA--TÉRMINO DE MATERIA | |
| Término de materia o nombre geográfico como elemento de entrada | Arte prerrománico- |
| Subdivisión geográfica | Asturias (Comunidad Autónoma) |
| 9 (RLIN) | 10276 |
| 651 #4 - PUNTO DE ACCESO ADICIONAL DE MATERIA--NOMBRE GEOGRÁFICO | |
| Nombre geográfico | Oviedo- |
| Subdivisión general | Edificios, estructuras, etc. |
| 9 (RLIN) | 151109 |
| 710 2# - ENTRADA AGREGADA--NOMBRE DE ENTIDAD CORPORATIVA | |
| Nombre de entidad corporativa o nombre de jurisdicción como elemento de entrada | Real Academia de Bellas Artes de San Fernando. |
| 9 (RLIN) | 6291 |
| 830 00 - PUNTO DE ACCESO ADICIONAL DE SERIE-TÍTULO UNIFORME | |
| Título uniforme | Monumentos arquitectónicos de España |
| 9 (RLIN) | 187641 |
| 852 ## - LOCALIZACIÓN | |
| Ubicación | ES-MaACL |
| Número de control de estantería | B-6984(2) |
| Nota libre | -- Enc. tela |
| Encuadernación | -- Edic.: 36 p., [6] h. de lám. |
| Estatus retirado | Estado de pérdida | Estado de daño | No para préstamo | Colección | Biblioteca de origen | Biblioteca actual | Ubicación en estantería | Fecha de adquisición | Fuente de adquisición | Total de préstamos | Signatura topográfica completa | Código de barras | Visto por última vez | Precio de reemplazo | Tipo de ítem Koha |
|---|---|---|---|---|---|---|---|---|---|---|---|---|---|---|---|
| Libros del s. XIX | Biblioteca del Ateneo de Madrid | Biblioteca del Ateneo de Madrid | Sala Pardo Bazán | 17/01/2008 | B-6984(2) | 1158023 | 23/02/2023 | 23/02/2023 | Libro impreso antiguo |
